| 000 | 00594nam a22001937a 4500 | ||
|---|---|---|---|
| 005 | 20140123170628.0 | ||
| 010 | _aB-508731-765 | ||
| 020 |
_a9781905863259 _c99.00 |
||
| 035 | _aB-508731-765 | ||
| 037 |
_adpl _bStar Pub/Ven |
||
| 082 | _aN | ||
| 100 | _aCarroll, Lewis | ||
| 245 |
_aOliver Twist _cby Lewis Carroll |
||
| 260 |
_aLondon _bIBS Books _c2012 |
||
| 270 |
_a55, Warren Street _bLondon WIT 5NW |
||
| 300 |
_a136p. _bill. _c22cm(Hb) |
||
| 942 |
_2ddc _cCH _hN _mCAR |
||
| 999 |
_c82119 _d82119 |
||